000 00384nam a22001217a 4500
999 _c855
_d855
005 20200819112928.0
008 200819b ||||| |||| 00| 0 eng d
020 _a9789982031035
040 _cCML
245 _aEducation in Zambia at Fifty Years of Independence and Beyond.
_cMasaiti, G.
260 _aLusaka
_bUNZA Press
_c2018
942 _2ddc
_cBK
_e1st Edition
_h370
_mMAS